Financal Stability Report of the Czech National Bank 2008/2009 (Record no. 6677)

MARC details
000 -LEADER
fixed length control field 00488nam a22001937i 4500
001 - CONTROL NUMBER
control field 7893
003 - CONTROL NUMBER IDENTIFIER
control field OSt
005 - DATE AND TIME OF LATEST TRANSACTION
control field 20170126082405.0
007 - PHYSICAL DESCRIPTION FIXED FIELD--GENERAL INFORMATION
fixed length control field tu
008 - FIXED-LENGTH DATA ELEMENTS--GENERAL INFORMATION
fixed length control field 161220s2009 xxu||||| |||| 00| 0 d
024 7# - OTHER STANDARD IDENTIFIER
Standard number or code 7893
Source of number or code RID
040 ## - CATALOGING SOURCE
Transcribing agency OSt
110 2# - MAIN ENTRY--CORPORATE NAME
Corporate name or jurisdiction name as entry element Czech National Bank (CNB)
245 00 - TITLE STATEMENT
Title Financal Stability Report of the Czech National Bank 2008/2009
260 ## - PUBLICATION, DISTRIBUTION, ETC.
Place of publication, distribution, etc. Prag,
Date of publication, distribution, etc. 2009.
300 ## - PHYSICAL DESCRIPTION
Extent 119 S. ;
Dimensions 30cm.
490 ## - SERIES STATEMENT
Series statement Financial Stability Report
Volume/sequential designation 2008/2009
651 ## - SUBJECT ADDED ENTRY--GEOGRAPHIC NAME
Geographic name Czech Republic
942 ## - ADDED ENTRY ELEMENTS (KOHA)
Koha item type Statistics
Holdings
Withdrawn status Lost status Damaged status Not for loan Home library Current library Shelving location Date acquired Inventory number Total Checkouts Barcode Date last seen Price effective from Koha item type
        WIIW WIIW Library 10/11/2012 7893   10004818 01/26/2017 01/26/2017 Statistics
The Vienna Instiute for International Economic Studies (wiiw)